Statistics for Detroit Pistons Top 10 Leaders

Click here to take the quiz!

General Stats

  • This quiz has been taken 539 times
  • The average score is 12 of 25

Answer Stats

Answer% Correct
Isiah Thomas
99%
Ben Wallace
92%
Joe Dumars
92%
Rasheed Wallace
92%
Bill Laimbeer
89%
Chauncey Billups
87%
Dennis Rodman
80%
Richard Hamilton
80%
Andre Drummond
78%
Tayshaun Prince
65%
Grant Hill
57%
Bob Lanier
55%
Vinnie Johnson
49%
Dave Bing
42%
John Salley
33%
Dave DeBusschere
23%
Lindsey Hunter
23%
Bailey Howell
15%
John Long
12%
Larry Foust
12%
Chris Ford
8%
Jason Maxiell
8%
Terry Tyler
6%
Walter Dukes
4%
Ray Scott
3%

Score Distribution

Percentile by Number Answered

Percent of People with Each Score

Your Score History

You have not taken this quiz